000 01122cad a22002415a 4500
001 L154043
008 111007e20111007xxkd f s 000 0 eng d
035 _a(Sirsi) u154043
041 0 _aeng
050 0 4 _a333.33 $2 18
110 2 _aRoyal Institution of Chartered Surveyors
_bEconomics
_95033
245 0 0 _aRICS global real estate weekly
_b7 October 2011
_h[electronic resource]
260 _aLondon
_bRICS
_c2011
490 0 _aRICS Global Real Estate Weekly
_v7 October 2011
520 _aNear term momentum likely to give way to softer growth during 2012 (Korea). Canada's housing sector remains robust and stable. UK commercial property prices to remain flat in the near term. Property prices in New Zealand are on the up.
590 _aKA
650 2 4 _aRICS GLOBAL REAL ESTATE WEEKLY
651 4 _aInternational
690 _aPROPERTY-COMMERCIAL PROPERTY-COMMERCIAL PROPERTY MARKET
690 _aPROPERTY-RESIDENTIAL PROPERTY-RESIDENTIAL PROPERTY MARKET
856 4 0 _uhttps://www.rics.org/site/download_feed.aspx?fileID=10578&fileExtension=PDF
_zView the report free of charge at www.rics.org
942 _n0
999 _c112815
_d112815